header

The necessary structure of the all-pervading aether (Record no. 37282)

MARC details
000 -LEADER
fixed length control field 01302nam a2200325 a 4500
100 1# - MAIN ENTRY--AUTHOR NAME
Personal name Forrest, Peter.
245 14 - TITLE STATEMENT
Title The necessary structure of the all-pervading aether
260 ## - PUBLICATION, DISTRIBUTION, ETC. (IMPRINT)
Place of publication Frankfurt :
Name of publisher Ontos Verlag,
Year of publication 2012.
300 ## - PHYSICAL DESCRIPTION
Number of Pages 226 p. :
Other physical details ill.
490 1# - SERIES STATEMENT
Series statement Philosophische analyse =
-- Philosophical analysis ;
650 #0 - SUBJECT ADDED ENTRY--TOPICAL TERM
Topical Term Ether (Space)
Topical Term Space and time.
856 40 - ELECTRONIC LOCATION AND ACCESS
Uniform Resource Identifier http://site.ebrary.com/lib/rucke/Doc?id=10728679

No items available.

© 2026 Rongo University
Contact us: librarian | system librarian | Rongo university